000 00426nam a2200145Ia 4500
008 100122s9999 xx 000 0 und d
082 _b4372
_a821
100 _aआठवले शांताराम
245 _aएकलें बीज
260 _bयशवंत गोपाळ जोशी
_c1938
300 _a50
630 _aएकलें बीज
730 _aएकलें बीज
942 _cBOOK
999 _c398009
_d398006